| 000 | 00776cam a22002533a 4500 | ||
|---|---|---|---|
| 001 | 17882 | ||
| 003 | PGUSA | ||
| 005 | 20140828083400.0 | ||
| 008 | 060228s2006||||xxu|||||s|||||000 | eng d | ||
| 040 |
_aPGUSA _beng |
||
| 042 | _adc | ||
| 050 | 4 | _aQ | |
| 100 | 1 |
_aDavy, Humphry, _cSir, _d1778-1829 |
|
| 245 | 1 | 0 |
_aConsolations in Travel ; _bor, the Last Days of a Philosopher _h[electronic resource] / _cHumphry, Davy |
| 260 |
_bProject Gutenberg, _c2006 |
||
| 506 | _aPublic domain in the USA. | ||
| 516 | _aElectronic text | ||
| 653 | _aChemists -- Great Britain -- Biography | ||
| 653 | _aDavy, Humphry, Sir, 1778-1829 | ||
| 700 | 1 |
_aMorley, Henry, _d1822-1894 |
|
| 830 | 0 |
_aProject Gutenberg _v17882 |
|
| 856 | 4 | 0 | _uhttp://www.gutenberg.org/ebooks/17882 |
| 942 | _cEB | ||
| 999 |
_c247137 _d247137 |
||